| 000 | 00941 a2200217 4500 | ||
|---|---|---|---|
| 020 | _a0470029803 | ||
| 040 |
_aDLC _bDLC |
||
| 100 | 1 | _aGraham, Adrian William. | |
| 245 | 1 | 0 |
_aMobile radio network design in the VHF and UHF bands: a practical approach _ba practical approach _cAdrian W. Graham, Nicholas C. Kirkman and Peter M. Paul |
| 246 | 3 | _aMobile radio network design in the VHF and UHF bands [electronic resource] | |
| 260 |
_aChichester : _bJohn Wiley and Sons Ltd, _c2007. |
||
| 300 |
_axxi, 399 p. : _bill. ; _c26 cm. |
||
| 650 | 0 | _aMobile communications system. | |
| 650 | 0 |
_aRadio _xTransmitters and transmission. |
|
| 650 | 0 | _aTelecommunication system. | |
| 700 | 1 | _aKirkman, Nicholas C. | |
| 700 | 1 | _aPaul, Peter M. | |
| 710 | 2 | _aWiley InterScience (Online service) | |
| 856 | 4 | 1 | _uhttp://libproxy1.nus.edu.sg/login?url=http://www3.interscience.wiley.com/cgi-bin/homepage/?isbn=9780470059128 |
| 942 |
_cBK _k621.3845 GRA _2ddc |
||
| 999 |
_c8375 _d8375 |
||